℗ Cuál es la situación actual del derecho a la propia imagen como derecho autónomo con relación a los mecanismos de protección frente a su uso en las redes sociales? / (Registro nro. 3570)
[ vista simple ]
| 000 -LEADER | |
|---|---|
| fixed length control field | 02667nam a2200229 4500 |
| 005 - DATE AND TIME OF LATEST TRANSACTION | |
| control field | 20250329165426.0 |
| 008 - FIXED-LENGTH DATA ELEMENTS--GENERAL INFORMATION | |
| fixed length control field | 180709s2018 000 0 eng d |
| 040 ## - CATALOGING SOURCE | |
| Original cataloging agency | CO-CtgCURN |
| Language of cataloging | spa |
| Transcribing agency | coctgcurn |
| 082 0# - DEWEY DECIMAL CLASSIFICATION NUMBER | |
| Classification number | DER 2018 |
| Item number | F632 |
| 100 1# - MAIN ENTRY--PERSONAL NAME | |
| Personal name | Floraison Pérez, Rafael Darío. |
| 245 12 - TITLE STATEMENT | |
| Title | ℗ Cuál es la situación actual del derecho a la propia imagen como derecho autónomo con relación a los mecanismos de protección frente a su uso en las redes sociales? / |
| Statement of responsibility, etc. | Diego Alejandro Giraldo Soto; Jean Carlos Jiménez Torres; Asesor Juan Carlos Cabarcas Muñiz. |
| 260 ## - PUBLICATION, DISTRIBUTION, ETC. | |
| Place of publication, distribution, etc. | Cartagena de Indias : |
| Name of publisher, distributor, etc. | Corporación Universitaria Rafael Nuñez, |
| Date of publication, distribution, etc. | 2018. |
| 300 ## - PHYSICAL DESCRIPTION | |
| Extent | 72 h. |
| 504 ## - BIBLIOGRAPHY, ETC. NOTE | |
| Bibliography, etc. note | Trabajo de grado (Derecho). Corporación Universitaria Rafael Nuñez. Facultad de Ciencias de Sociales y Humanas. Derecho, 2018. |
| 520 ## - SUMMARY, ETC. | |
| Summary, etc. | En Colombia, la utilización de las redes sociales ha sido un auge en la juventud, la cual se ha convertido el medio de interacción entre usuarios o personas. El progreso de la tecnología y avances de software permitió que las redes sociales se convirtieran en un estilo de vida caracterizado por expresar estados de ánimos y divulgación de imágenes que permite crear más allá de toda una imagen sobre las personas en una red. Entonces el derecho a la propia imagen violado desde el momento que suben una imagen sin tu consentimiento comprende una serie de violaciones a tus derechos tales como el de la intimidad, derecho autónomo etc. Con esto el sentido el cual es creado las redes sociales, han perdido su orientación gracias a la práctica indebida de estas, con esto surge la necesidad de crear una norma que regule y de una mejor protección a garantizar los derechos que concurren en el alcance del derecho a la propia imagen. Así da relevancia a los derechos violados y contemplados, pero crear una propuesta que ratifique con base a estos derechos la protección a la propia imagen de una manera más directa o autónomo, así respetando el consentimiento dentro del derecho siendo una figura importante ante la manifestación personal de cada individuo, y saber interpretar hasta qué punto llega el consentimiento expresado en un acto o un comportamiento para ser publicado. |
| 650 #0 - SUBJECT ADDED ENTRY--TOPICAL TERM | |
| Topical term or geographic name entry element | Derecho |
| Form subdivision | Tesis y disertaciones academicas. |
| 700 1# - ADDED ENTRY--PERSONAL NAME | |
| Personal name | Vizcaino Barrios, Antonio de Jesús. |
| 700 1# - ADDED ENTRY--PERSONAL NAME | |
| Personal name | Montes, Ingrid, |
| Titles and other words associated with a name | Asesora. |
| 856 ## - ELECTRONIC LOCATION AND ACCESS | |
| Uniform Resource Identifier | <a href="https://unicurn.sharepoint.com/:b:/s/biblioteca/ETrTOsLbGFtNqbJX2Au8tAgBACNInUFQ6G9KHSPV3F6Wag?e=2F3D2K">https://unicurn.sharepoint.com/:b:/s/biblioteca/ETrTOsLbGFtNqbJX2Au8tAgBACNInUFQ6G9KHSPV3F6Wag?e=2F3D2K</a> |
| Public note | Click aqui para ver el recurso en texto completo |
| 942 ## - ADDED ENTRY ELEMENTS (KOHA) | |
| Source of classification or shelving scheme | Dewey Decimal Classification |
| Koha item type | Trabajos de grado |
| Classification part | DER 2018 |
| Item part | F632 |
| Withdrawn status | Lost status | Source of classification or shelving scheme | Damaged status | Not for loan | Home library | Current library | Shelving location | Date acquired | Source of acquisition | Cost, normal purchase price | Inventory number | Total checkouts | Full call number | Barcode | Date last seen | Copy number | Price effective from | Koha item type |
|---|---|---|---|---|---|---|---|---|---|---|---|---|---|---|---|---|---|---|
| Dewey Decimal Classification | Miguel Henríquez Castañeda | Miguel Henríquez Castañeda | Trabajo de grado | 03/29/2025 | El autor | 350000.00 | 021510 | DER 2018 F632 | 021510 | 11/26/2018 | 1 | 11/26/2018 | Trabajos de grado |